00493nam a2200145 a 450000500170000000800410001702000150005805000260007310000210009924500450012026000370016530000210020250000920022365000320031520140310183242.0020918s19uu xx 00 eng d a0743487605 aPR 4571b.D548En 2004 aDickens, Charles aA tale of two cities /cCharles Dickens. aNew York :bPocket Books,c2004. a470 p. :c18 cm. a"Supplementary material written by Keith Cox Series edited by Cynthia Brantley Johnson" aFrench revolutionxFiction.